| 000 | 00629nam a22001457a 4500 | ||
|---|---|---|---|
| 020 | _a0-440-86340-6 | ||
| 082 |
_a823 _bKIN/H |
||
| 100 | _aKING SMITH, DICK | ||
| 245 | _aHARRIET'S HARE | ||
| 260 |
_aBRITAIN _bTRANSWORLD PUBLISHERS _c1996 |
||
| 300 | _a159 | ||
| 520 | _aHarriet's Hare is a fantasy story about a young girl who lives in Longhanger Farm with her father, who suddenly meets an alien which takes the shape of a hare, who she names Wiz. I think Dick King-Smith was trying to send some sort of subliminal messages. Wiz came from Pars, which was a very peaceful and equal world. | ||
| 650 | _aSHORT STORY | ||
| 942 | _cBK | ||
| 999 |
_c5965 _d5965 |
||